000 01493cam a22003974i 4500
003 PE-LiUPU
005 20250731183441.0
008 150706s2010 r 000 0 d
020 _a9789972209994
035 _a(Sirsi) i9789972209994
040 _aPE-LiUPU
_bspa
_cPE-LiUPU
_erda
049 _aPRUA
082 0 4 _a728.37
_bN8
_221
245 0 3 _aLa nueva arquitectura de casas /
_cedit. Llorenc Bonet.
250 _a1a ed.
264 1 _aBarcelona :
_bLexus,
_c2010.
300 _a199 páginas :
_bilustraciones a color ;
_c34 cm.
336 _atext
_2rdacontent
337 _aunmediated
_2rdamedia
338 _avolume
_2rdacarrier
505 0 _aCasas en las afueras -- Casas y paisajes -- Casas con vistas.
526 _aP158
526 _aP146
526 _aP17
526 _aP12
526 _aP06
541 _g015-0015392;
650 0 4 _aViviendas
_xDiseño y construcción.
650 0 4 _aArquitectura doméstica
_xDiseño y construcción.
910 _clch
_d20130816
942 _2ddc
_cBOOK
949 _a728.37 N8
_wDEWEY
_c1
_i67569
_lCCODEBUL1
_mBUL
_p30.00
_r0
_sY
_tBOOK
_u2015-7-6
_xINGENIERIA
_PP06
_o.STAFF. Colección General
994 _aC0
_bPEPRU
596 _a1
999 _a728.37 N8
_wDEWEY
_c55196
_i67569
_d55196
_e2015-8-12
_f2021-11-10
_g7
_lCCODEBUL1
_mBUL
_n2
_p30.00
_q1
_r0
_sY
_tBOOK
_u2015-7-6
_xINGENIERIA
_PP06
_0COMPRA
_o.STAFF. Colección Ingenieria y Arquitectura
980 _81
_gALBERTO SANCHEZ Responsable de Automatización